| 000 | 00812nam a2200265 a 4500 | ||
|---|---|---|---|
| 001 | 74011 | ||
| 003 | BD-RjUL | ||
| 005 | 20211209082456.0 | ||
| 008 | 171221b ir ||||| |||| 000 0 eng d | ||
| 020 | _a9789645297228 | ||
| 035 | _a(BD-RjUL)74229 | ||
| 040 |
_aBD-RjUL _beng _cBD-RjUL |
||
| 041 | _aeng | ||
| 082 |
_223 _a297.082 _bAMI 2011 |
||
| 100 |
_aAmini , Ibrahim _9219823 |
||
| 245 |
_aAn introduction to the rights and duties of women in Islam / _cIbrāhīm Amīnī; Abuzar Ahmadi |
||
| 260 |
_aIran : _bABWA , _c2011 |
||
| 300 |
_a244 P. ; _c22 cm. |
||
| 504 | _aIncludes Bibliography | ||
| 650 |
_aWomen in Islam. _9219824 |
||
| 650 |
_aWomen _z Iran _vReligious aspects. _9219825 |
||
| 650 |
_aWomen _z Iran _vSocial conditions. _9219826 |
||
| 700 |
_aAhmadi , Abuzar _9219827 |
||
| 942 |
_2ddc _cBK |
||
| 999 |
_c74011 _d74011 |
||